000 01324cam a2200385 i 4500
999 _c10027
_d10027
001 18031486
003 GBCCL
005 20241126110723.0
007 cr_|||||||||||
008 140205s2014 ilu ob 001 0 eng
010 _a 2014005113
020 _a9781433540868 ( epub)
020 _a9781433540844 (pdf)
020 _a9781433540851 (mobi)
020 _z9781433540837 (hc)
040 _aDLC
_beng
_cDLC
_erda
_dDLC
042 _apcc
050 0 0 _aBV203
082 0 0 _a262
_223
_bORT
100 1 _aOrtlund, Raymond C.
_99780
245 1 4 _aThe gospel :
_bhow the church portrays the beauty of Christ /
_cRay Ortlund.
264 1 _aWheaton, Illinois :
_bCrossway,
_c2014.
300 _a1 online resource.
336 _atext
_2rdacontent
337 _acomputer
_2rdamedia
338 _aonline resource
_2rdacarrier
490 0 _a9marks: building healthy churches
504 _aIncludes bibliographical references and index.
588 _aDescription based on print version record and CIP data provided by publisher.
600 0 0 _aJesus Christ
_xPerson and offices.
_9268
776 0 8 _iPrint version:
_aOrtlund, Raymond C.
_tGospel
_dWheaton : Crossway, 2014
_z9781433540837
_w(DLC) 2013033035
906 _a7
_bcbc
_corigcop
_d1
_eecip
_f20
_gy-gencatlg
942 _2ddc
_cBK